Normal view
MARC view
- Smit, Berend.
Entry Personal Name
001 - CONTROL NUMBER
- control field: 8639
003 - CONTROL NUMBER IDENTIFIER
- control field: NUST
005 - DATE AND TIME OF LATEST TRANSACTION
- control field: 20180118114954.0
008 - FIXED-LENGTH DATA ELEMENTS
- fixed length control field: 180118|| aca||aabn | a|a d
040 ## - CATALOGING SOURCE
- Original cataloging agency: NUST
- Transcribing agency: NUST
100 ## - HEADING--PERSONAL NAME
- Personal name: Smit, Berend.
670 ## - SOURCE DATA FOUND
- Source citation: Work cat.: (NUST)30257: Frenkel, Daan. 8638, Understanding molecular simulation, second edition :, 2002.
